00351nam a22001577a 4500003000500000020002200005038001200027082001800039100001800057245003600075250001200111260003500123300001300158500001500171563000700186NUST a978-81-317-1888-9 akhadija a621.4021bJOE aJoel, Rayner. aBasic Engineering Themodynamics a5th ed. aNew Delhi : bPearson,c2013. a647 p. ; aPaperback. aPB